[Event "Zhukovsky op"]
[Site "Zhukovsky"]
[Date "2012.04.??"]
[Round "3"]
[White "Guseynov, Vafadar"]
[Black "Parshikov, Nikita"]
[Result "1-0"]
[WhiteElo "1849"]
[BlackElo "1461"]
[PlyCount "101"]
[EventDate "2012.04.??"]
[EventType "swiss"]
[EventRounds "9"]
[EventCountry "RUS"]
[SourceTitle "EXT 2014"]
[Source "ChessBase"]
[SourceDate "2013.11.20"]
[SourceVersion "1"]
[SourceVersionDate "2013.11.20"]
[SourceQuality "1"]

1. e4 e5 2. Nf3 Nc6 3. Bc4 Bc5 4. 0-0 Nf6 5. d3 d6 6. Be3 Bxe3 7. fxe3 Bg4 8. c3 Na5 9. Qa4+ c6 10. Nbd2 b5 11. Bxb5 cxb5 12. Qxb5+ Bd7 13. Qa6 Qb6 14. Qxb6 axb6 15. b4 Nc6 16. Nc4 Be6 17. Nxd6+ Ke7 18. Nf5+ Bxf5 19. exf5 e4 20. Nd4 Nxd4 21. exd4 exd3 22. Rfd1 Rhc8 23. Rxd3 Ra3 24. Re1+ Kd6 25. Rg3 g6 26. fxg6 fxg6 27. c4 Rxa2 28. Rge3 Nd7 29. Re6+ Kc7 30. c5 bxc5 31. bxc5 Nf8 32. Rf6 Ra7 33. d5 Kb8 34. c6 Kc7 35. d6+ Kxc6 36. Rc1+ Kb7 37. Rf7+ Kb6 38. Rb1+ Kc6 39. Rxa7 Kxd6 40. Rd1+ Ke6 41. Rf1 Rd8 42. Raf7 Nd7 43. Rxh7 Ne5 44. Ra7 Rd6 45. h3 Nd3 46. Rd1 Ke5 47. Re7+ Kf4 48. Kh2 Rd4 49. g3+ Kf3 50. Rf1+ Nf2 51. Rf7+ 1-0

[Event "Zhukovsky op"]
[Site "Zhukovsky"]
[Date "2012.04.??"]
[Round "8"]
[White "Komyagin, Mikhail"]
[Black "Guseynov, Vafadar"]
[Result "0-1"]
[WhiteElo "1385"]
[BlackElo "1849"]
[PlyCount "42"]
[EventDate "2012.04.??"]
[EventType "swiss"]
[EventRounds "9"]
[EventCountry "RUS"]
[SourceTitle "EXT 2014"]
[Source "ChessBase"]
[SourceDate "2013.11.20"]
[SourceVersion "1"]
[SourceVersionDate "2013.11.20"]
[SourceQuality "1"]

1. e4 c5 2. Nf3 d6 3. Bc4 g6 4. 0-0 Bg7 5. c3 Nf6 6. Re1 0-0 7. d4 Nxe4 8. Rxe4 d5 9. Bxd5 Qxd5 10. Rxe7 Nc6 11. Re1 cxd4 12. cxd4 Nxd4 13. Kh1 Bg4 14. Nc3 Qh5 15. Re3 Rad8 16. Rd3 Nxf3 17. gxf3 Rxd3 18. Qxd3 Bxf3+ 19. Kg1 Qh3 20. Qf1 Qg4+ 21. Qg2 Qxg2# 0-1

[Event "Zhukovsky-chB"]
[Site "Zhukovsky"]
[Date "2010.04.01"]
[Round "2"]
[White "Guseynov, Vafadar"]
[Black "Migur, Dmitriy"]
[Result "1-0"]
[WhiteElo "1890"]
[BlackElo "1551"]
[PlyCount "88"]
[EventDate "2010.04.01"]
[EventType "swiss"]
[EventRounds "9"]
[EventCountry "RUS"]
[SourceTitle "EXT 2022"]
[Source "ChessBase"]
[SourceDate "2021.10.06"]
[SourceVersion "1"]
[SourceVersionDate "2021.10.06"]
[SourceQuality "1"]

1. e4 e5 2. Nf3 Nc6 3. Bb5 d6 4. 0-0 Nf6 5. Re1 a6 6. Ba4 Bg4 7. c3 Be7 8. d3 b5 9. Bb3 Na5 10. Bc2 c6 11. Nbd2 0-0 12. h3 Bh5 13. Nf1 h6 14. Ng3 Bg6 15. Be3 Qd7 16. Qd2 Rfe8 17. Nh2 d5 18. Nf3 Bd8 19. Rad1 dxe4 20. dxe4 Qe6 21. b3 Nh5 22. Nf5 Bxf5 23. exf5 Qf6 24. g4 Nf4 25. Bxf4 Bc7 26. g5 Qe7 27. Qd7 Qxd7 28. Rxd7 exf4 29. Rxc7 Rxe1+ 30. Nxe1 hxg5 31. Be4 Re8 32. f3 Kf8 33. Nd3 Re7 34. Rc8+ Re8 35. Rxe8+ Kxe8 36. Nc5 Kd8 37. Nxa6 Kd7 38. b4 Nc4 39. Nb8+ Kc7 40. Nxc6 Nd6 41. Nd4 Kb6 42. Kf2 Nxe4+ 43. fxe4 g6 44. fxg6 fxg6 1-0

[Event "Zhukovsky-chB"]
[Site "Zhukovsky"]
[Date "2010.04.01"]
[Round "9"]
[White "Prishchepa, Regina"]
[Black "Guseynov, Vafadar"]
[Result "0-1"]
[WhiteElo "1783"]
[BlackElo "1890"]
[PlyCount "90"]
[EventDate "2010.04.01"]
[EventType "swiss"]
[EventRounds "9"]
[EventCountry "RUS"]
[SourceTitle "EXT 2022"]
[Source "ChessBase"]
[SourceDate "2021.10.06"]
[SourceVersion "1"]
[SourceVersionDate "2021.10.06"]
[SourceQuality "1"]

1. e4 c5 2. Nf3 d6 3. d4 cxd4 4. Nxd4 Nf6 5. Nc3 a6 6. Be2 Qc7 7. 0-0 e6 8. Be3 Nc6 9. f4 Be7 10. Bf3 Bd7 11. a3 0-0 12. Qe1 Rac8 13. Qg3 Rfd8 14. Rad1 Na5 15. e5 Ne8 16. Nf5 Bc6 17. Nxe7+ Qxe7 18. Bb6 d5 19. Bxd8 Qxd8 20. b3 Qe7 21. Qf2 Bd7 22. Nb1 Bb5 23. Rfe1 Qc7 24. Rd2 b6 25. Red1 g6 26. a4 Bd7 27. Be2 Qb7 28. Bf3 b5 29. axb5 Bxb5 30. Be2 Nc7 31. Nc3 h5 32. Nxb5 Nxb5 33. Bxb5 axb5 34. Rc1 Nxb3 35. Rb1 Nxd2 36. Qxd2 Qb6+ 37. Kf1 Rc4 38. g3 d4 39. Ke2 b4 40. Rb2 Qc6 41. Kd1 Qh1+ 42. Qe1 Qxh2 43. Qe2 Qg1+ 44. Kd2 d3 45. Qd1 Qd4 0-1